000 00288nam a22001337a 4500
008 170809b xxu||||| |||| 00| 0 eng d
020 _a9780763830014
041 _aeng
080 _a004
100 _a35
101 _aSHKI
245 _aMICROSOFT WORD 2007
_cRUTKOSKY
942 _2udc
_cBK
999 _c22940
_d22940